Statistics for Berlin True or False?

Click here to take the quiz!

General Stats

  • This quiz has been taken 190 times
  • The average score is 10 of 15

Answer Stats

QuestionAnswer% Correct
Berlin is the capital of GermanyTrue
97%
The River Danube runs through BerlinFalse
82%
Berlin is the financial centre of GermanyFalse
80%
Berlin is the largest city in GermanyTrue
76%
During the Cold War, West Berlin was surrounded on all sides by East GermanyTrue
74%
Berlin is the German federation's only city-stateFalse
73%
You can catch a ferry from Berlin to CopenhagenFalse
71%
Former German chancellor Angela Merkel was born in BerlinFalse
68%
Adidas, Allianz and BMW are all headquartered in BerlinFalse
63%
The Berlin Television Tower is the tallest structure in GermanyTrue
63%
Berlin is further north than LondonTrue
62%
Berlin's record low temperature is −31.9 Celcius (−25.4 Farenheit)True
62%
By annual ridership, the U-Bahn is the largest metro system in the European UnionFalse
59%
World War II came to a close in Europe as the U.S. Army captured Berlin in April 1945False
51%
The Berlin Wall divided the city for over 40 yearsFalse
45%

Score Distribution

Percentile by Number Answered

Percent of People with Each Score

Your Score History

You have not taken this quiz